书目信息 |
| 题名: |
松风阁琴谱
|
|
| 作者: | 程雄 撰 | |
| 分册: | ||
| 出版信息: | 北京 中国书店 2018 |
|
| 页数: | 190页 | |
| 开本: | 27cm | |
| 丛书名: | ||
| 单 册: | ||
| 中图分类: | J648.31 | |
| 科图分类: | ||
| 主题词: | 古琴--乐谱--中国--清代 | |
| 电子资源: | ||
| ISBN: | 978-7-5149-1885-4 | |
| 000 | 00767nam0 2200253 450 | |
| 001 | 012001012146 | |
| 005 | 20140103182737.0 | |
| 010 | @a978-7-5149-1885-4@dCNY46.00 | |
| 100 | @a20181129e2018 em y0chiy50 ea | |
| 101 | 0 | @achi |
| 102 | @aCN@b110000 | |
| 105 | @ay z 000yy | |
| 106 | @ar | |
| 200 | 1 | @a松风阁琴谱@9song feng ge qin pu@f(清)程雄撰 |
| 205 | @a[影印本] | |
| 210 | @a北京@c中国书店@d2018 | |
| 215 | @a190页@d27cm | |
| 300 | @a钦定四库全书·子部 四库全书·艺术类 | |
| 330 | @a本书收十一曲,均注明来源,其中包括韩石耕等人的传谱。另附《抒怀操》一卷,收三十七曲。 | |
| 606 | 0 | @a古琴@x乐谱@y中国@z清代 |
| 690 | @aJ648.31@v5 | |
| 701 | 0 | @c(清)@a程雄@9cheng xiong@4撰 |
| 801 | 0 | @aCN@b上海新华@c20191020 |
| 905 | @b1139511-4@dJ648.31@e232@f4 | |
| 松风阁琴谱/(清)程雄撰.-[影印本].-北京:中国书店,2018 |
| 190页;27cm |
| 钦定四库全书·子部 四库全书·艺术类 |
| ISBN 978-7-5149-1885-4:CNY46.00 |
| 本书收十一曲,均注明来源,其中包括韩石耕等人的传谱。另附《抒怀操》一卷,收三十七曲。 |
| ● |
| 相关链接 |
|
|
|
|
正题名:松风阁琴谱
索取号:J648.31/232
 
预约/预借
| 序号 | 登录号 | 条形码 | 馆藏地/架位号 | 状态 | 备注 |
| 1 | 1139511 | 211395113 | 第一样本阅览室/ [索取号:J648.31/232] | 在馆 | |
| 2 | 1139512 | 211395122 | 第一借阅区/ [索取号:J648.31/232] | 在馆 | |
| 3 | 1139513 | 211395131 | 第一借阅区/ [索取号:J648.31/232] | 在馆 | |
| 4 | 1139514 | 211395140 | 第一借阅区/ [索取号:J648.31/232] | 在馆 |